Garantías fundamentales de salud y educación al sector social LGBTIQ+ en Colombia (Barreras del sector social transgénero) (Registro nro. 715)

Detalles MARC
000 -LEADER
fixed length control field 02567nmm a2200301 a 4500
003 - CONTROL NUMBER IDENTIFIER
control field CO-CtgCURN
005 - DATE AND TIME OF LATEST TRANSACTION
control field 20250719164403.0
008 - FIXED-LENGTH DATA ELEMENTS--GENERAL INFORMATION
fixed length control field 240624s2024 xx 000 0 und d
040 ## - CATALOGING SOURCE
Original cataloging agency CO-CtgCURN
Language of cataloging spa
Transcribing agency coctgcurn
082 ## - DEWEY DECIMAL CLASSIFICATION NUMBER
Classification number DER 2024
Item number E77
100 ## - MAIN ENTRY--PERSONAL NAME
Personal name Espitia Mendrales, Maria Andrea
Relator term autora
9 (RLIN) 9912
245 #0 - TITLE STATEMENT
Title Garantías fundamentales de salud y educación al sector social LGBTIQ+ en Colombia (Barreras del sector social transgénero)
Medium [electronic resource] /
Statement of responsibility, etc. María Andrea Espitia Mendrales; Karina Patricia García Salazar; Leila Lucila Osorio Lara; David Barranco Hernández; asesor., Jorge Mejía Turizo
260 ## - PUBLICATION, DISTRIBUTION, ETC.
Place of publication, distribution, etc. Barranquilla, Atlántico :
Name of publisher, distributor, etc. Corporación Universitaria Rafael Núñez,
Date of publication, distribution, etc. 2024
300 ## - PHYSICAL DESCRIPTION
Extent 1 recurso en línea (42 páginas (PDF)) :
Other physical details ilustraciones
502 ## - DISSERTATION NOTE
Dissertation note Trabajo de Grado (Abogado). Corporación Universitaria Rafael Núñez. Facultad de Ciencias Sociales y Humanas. Programa de Derecho, 2024
504 ## - BIBLIOGRAPHY, ETC. NOTE
Bibliography, etc. note Incluye referencias bibliográficas
520 ## - SUMMARY, ETC.
Summary, etc. La salud en el sector social LGTBIQ+ se enfrenta en gran proporción, enfrentando discriminaciones y vulneraciones de derecho. Esta investigación aborda la necesidad de identificar las diferentes perspectivas de la población LGBTIQ+ desde el ámbito social, educacional y la inclusión en políticas públicas. El reconocimiento de los derechos de esta comunidad ha evolucionado históricamente, y las prerrogativas existen en los países en que pertenecer a dicha población es un delito. La investigación se realiza en el Estado Colombiano, en la vulneración de los derechos humanos, y se realizará una descripción y caracterización de la percepción actual (2023) de las personas entre los 18 y 60 años que residen en Barranquilla. La población colombiana ha tenido progresos frente al reconocimiento de los derechos de las minorías, pero menos de la mitad de las personas defendería un agredido LGTBI.
521 ## - TARGET AUDIENCE NOTE
Target audience note AREA PROFESIONAL
590 ## - LOCAL NOTE (RLIN)
Local note Programa de Derecho_18
650 ## - SUBJECT ADDED ENTRY--TOPICAL TERM
Topical term or geographic name entry element Derecho
Form subdivision Tesis y disertaciones académicas
9 (RLIN) 9913
700 ## - ADDED ENTRY--PERSONAL NAME
Personal name Osorio Lara, Leila Lucila
Relator term autora
9 (RLIN) 9914
700 ## - ADDED ENTRY--PERSONAL NAME
Personal name Barranco Hernández, David
Relator term autor
9 (RLIN) 9915
700 ## - ADDED ENTRY--PERSONAL NAME
Personal name García Salazar, Karina Patricia
Relator term autora
9 (RLIN) 9916
700 ## - ADDED ENTRY--PERSONAL NAME
Personal name Mejía Turizo, Jorge
Relator term asesor
9 (RLIN) 9917
856 ## - ELECTRONIC LOCATION AND ACCESS
Uniform Resource Identifier <a href="https://unicurn.sharepoint.com/:b:/s/biblioteca/ETx4Qld9ur9Ih0M4A2PJzb0BXeuitLIzggwWD8RpZkfHog?e=pwdALv">https://unicurn.sharepoint.com/:b:/s/biblioteca/ETx4Qld9ur9Ih0M4A2PJzb0BXeuitLIzggwWD8RpZkfHog?e=pwdALv</a>
Link text Consulte aquí el texto completo
942 ## - ADDED ENTRY ELEMENTS (KOHA)
Koha item type Trabajos de grado
Classification part DER 2024
Item part E77
Source of classification or shelving scheme Dewey Decimal Classification
Suppress in OPAC No
Existencias
Withdrawn status Lost status Damaged status Not for loan Collection Home library Current library Shelving location Date acquired Inventory number Total checkouts Full call number Barcode Date last seen Copy number Price effective from Koha item type
        Trabajos de grado Miguel Henríquez Castañeda Barranquilla Miguel Henríquez Castañeda Barranquilla Trabajo de grado 06/24/2024 05366   DER 2024 E77 05366 06/24/2024 ej.1 06/24/2024 Trabajos de grado